000085868 001__ 85868 000085868 005__ 20191119144727.0 000085868 037__ $$aTAZ-TFG-2019-301 000085868 041__ $$aspa 000085868 1001_ $$aMontolío Nicolás, Alberto 000085868 24200 $$aSenior entrepreneurship. Entreprendre or retire. 000085868 24500 $$aEmprendimiento senior. Emprender o jubilarse. 000085868 260__ $$aZaragoza$$bUniversidad de Zaragoza$$c2019 000085868 506__ $$aby-nc-sa$$bCreative Commons$$c3.0$$uhttp://creativecommons.org/licenses/by-nc-sa/3.0/ 000085868 520__ $$aEl emprendimiento o el hecho de crear una nueva empresa es algo que está cobrando especial importancia hoy en día. Sin embargo, todavía está aún más en auge el emprendimiento en personas mayores de 50 años o, también denominado, “emprendimiento senior”. Con la realización de este trabajo de fin de grado se pretende analizar el surgimiento del mismo y la motivación que lleva a estas personas a emprender en todo el mundo, enfrentándose a los inconvenientes que esta actividad conlleva. Asimismo, también se tratarán una serie de casos de éxitos internacionales y algunos ejemplos de ciertas ayudas que reciben estos emprendedores por parte de ciertas instituciones tanto públicas como privadas. Para ello se analizará la evolución ascendente de la esperanza de vida en los diferentes países y como ello ha afectado a la organización de las empresas, además de estudiar la motivación que lleva a este grupo de población a crear nuevos negocios en lugar de continuar trabajando en los ya existentes y las barreras a las que se deben enfrentar por el simple hecho de ser seniors a la vez que emprendedores. Destacar que la investigación se apoyará principalmente en el Informe GEM, tanto en el mundial como en el español, así como en las cifras que ofrecen el Banco Mundial y la OCDE, comparándolos entre sí y en diferentes periodos de tiempo. Los datos se reflejarán a lo largo de todo el documento en forma de gráficos, tablas e incluso mapas, acompañados todos ellos de su correspondiente explicación. Asimismo se contará con la reflexión de expertos en el tema tales como el ayudante de catedrático Kibler,o el catedrático Kautonen y a partir de estudios de prestigiosas universidades como los de Harvard en Massachusetts o los de Wharton en Pensilvania. 000085868 521__ $$aGraduado en Administración y Dirección de Empresas 000085868 540__ $$aDerechos regulados por licencia Creative Commons 000085868 700__ $$aOrtega Lapiedra, Raquel$$edir. 000085868 7102_ $$aUniversidad de Zaragoza$$b $$c 000085868 8560_ $$f700456@celes.unizar.es 000085868 8564_ $$s219114$$uhttps://zaguan.unizar.es/record/85868/files/TAZ-TFG-2019-301_ANE.pdf$$yAnexos (spa) 000085868 8564_ $$s889783$$uhttps://zaguan.unizar.es/record/85868/files/TAZ-TFG-2019-301.pdf$$yMemoria (spa) 000085868 909CO $$ooai:zaguan.unizar.es:85868$$pdriver$$ptrabajos-fin-grado 000085868 950__ $$a 000085868 951__ $$adeposita:2019-11-19 000085868 980__ $$aTAZ$$bTFG$$cECON 000085868 999__ $$a20190219014601.CREATION_DATE